| 000 | 01193nam1a22002531i 4500 | ||
|---|---|---|---|
| 001 | rc\2238655 | ||
| 005 | 20260407114443.0 | ||
| 035 | _a(NLR Aleph) 006710775 | ||
| 090 |
_a5340434 _c5340434 |
||
| 100 | _a20110829d1978 |||y0rusy50 ca | ||
| 101 | 0 | _arus | |
| 102 | _aRU | ||
| 105 | _ay ac ||||| | ||
| 200 | 1 |
_aЭксплуатация газоконденсатных месторождений _eРетросп. библиогр. указ. лит.... _fВНИИ экономики, орг. пр-ва и техн.-экон. информ. в газовой пром-сти |
|
| 210 |
_aМосква _cВНИИЭгазпром _d1978 |
||
| 215 | _d20 | ||
| 606 |
_aГазы природные горючие _jУказатели литературы _xДобыча _2psbo |
||
| 712 | 0 | 2 |
_aВНИИ экономики, организации производства и технико-экономической информации в газовой промышленности _3RU\NLR\AUTH\889947036 _9389690 |
| 801 | 0 |
_aRU _bNLR _gpsbo |
|
| 801 | 1 |
_aRU _bELAR _2rusmarc |
|
| 852 |
_aNLR _jС769газ-420/Э-41 |
||
| 899 |
_aRuMoRGB _jБ 78-51/1999 |
||
| 899 |
_aRuMoRGB _jБ 78-51/2001 |
||
| 942 | _cBOOK | ||